=LDR 00000nam 2200000 4500 =001 INLIS000000000014489 =005 20130612105752 =008 ***********************************Ind** =035 ##$$0010-061300000014489 =041 ##$$a Ind =082 ##$$a 643 =090 ##$$a 643, Bou r =100 ##$$a Bouty, M. Ikhsan =245 ##$$a Rancangan rumah sehat didaerah tropis, M. Ikhsan Bouty =260 ##$$a Pustaka sinar harapan $b Jakarta =300 ##$$a 128 hlm, Ilus, 28 cm =650 ##$$a Rumah =850 ##$$a NBPNMAT